000 009960000a22002530004500
003 EG-GICUC
005 20250223030130.0
008 091110s1970 ua f m 000 0 ara d
040 _aEG-GiCUC
_bara
_cEG-GiCUC
041 0 _aara
049 _aايداع
097 _aماجستير
099 _aCai01.02.03.M.A.1970.سم.ا
100 0 _aسمير عبدالحميد ابراهيم
245 1 0 _aارمغان حجاز /
_cسمير عبد الحميد ابراهيم احمد السعيد سليمان ؛ اشراف احمد السعيد سليمان
260 _aالقاهرة :
_bسمير عبد الحميد ابراهيم :
_c1970
300 _a427ورقة ؛
_c30سم
502 _aاطروحة(ماجستير) - جامعة القاهرة - كلية الاداب - قسم التاريخ
700 0 _aاحمد السعيد سليمان :
_eمشرف
856 _uhttp://172.23.153.220/th.pdf
905 _aGihan
_eCataloger
905 _aNazla
_eRevisor
942 _2ddc
_cTH
999 _c28228
_d28228